Mikulov pohled na zámek = Ansicht des Schlosses Nikolsburg in Mahren /

Hlavní autor: Kunike, Adolph, 1777-1838
Korporativní autor: Geodezie Brno (firma)
Jazyk: Němčina
Čeština
Vydáno: Brno : Geodézie Brno, 1991
Vydání: 1. vyd.
Témata:
Fyzický popis: 1 grafický list : reprodukce, čb. ; 25 x 33 cm, na listu 33 x 43 cm
Language note: Název česky a německy
Grafika
Uloženo v:
LEADER 01561nkm a2200397 a 4500
001 001310839
003 CZ BrMZK
005 20140930140428.0
007 kj bc
008 130716s1991 xr ||||e||||||||||czcze d
034 0 |a a  |d E0163759  |e E0163831  |f N0484834  |g N0484808 
040 |a BOA001  |b cze 
041 0 |a cze  |a ger 
043 |a e-xr---  |b e-xr-jm  |2 czenas 
072 7 |a 7.01/.09  |x Umění  |2 Konspekt  |9 21 
080 |a (437.322)  |2 MRF 
080 |a (084.1)  |2 MRF 
080 |a (0.035)72/76  |2 MRF 
100 1 |a Kunike, Adolph,  |d 1777-1838  |7 jo2003186455  |4 ltg 
245 1 0 |a Mikulov  |h [grafika] :  |b pohled na zámek = Ansicht des Schlosses Nikolsburg in Mahren /  |c Kunike 
246 3 1 |a Ansicht des Schlosses Nikolsburg in Mahren 
250 |a 1. vyd. 
255 |a Měřítko neuvedeno  |c (016°37´59" v.d.--016°38´31" v.d./048°48´34" s.š.--048°48´08" s.š.) 
260 |a Brno :  |b Geodézie Brno,  |c 1991 
300 |a 1 grafický list :  |b reprodukce, čb. ;  |c 25 x 33 cm, na listu 33 x 43 cm 
500 |a Reprodukce podle originálu uloženého v Moravské zemské knihovně 
500 |a Doprovodný text na rubu 
546 |a Název česky a německy 
655 7 |a veduty  |7 fd133805  |2 czenas 
655 7 |a reprodukce uměleckých děl  |7 fd185170  |2 czenas 
651 7 |a Mikulov (Břeclav, Česko)  |7 ge130005  |2 czenas 
710 2 |a Geodezie Brno (firma)  |7 kn20010710198  |4 isb  |4 prt 
910 |a BOA001  |b Skř.2M-0967.865 
990 |a GP 
991 |b 201307 
996 6 |b 2619594710  |c Skř.2M-0967.865  |l MZK  |r Sklad / do 24 hodin  |n 1  |w 001347528  |u 000010  |a 1  |e BOA001  |j MZK50  |s P